00462nam a2200145Ia 4500008004100000020001500041050002500056100002600081245006900107260005000176300002900226500004100255521000700296650001300303140321s9999 xx 000 0 und d a9710412228 aQH 308.2b.B928 2011 aBueno, David Cababaro aBiological science for college students /cDavid Cababaro Bueno. aMandaluyong City :bBooks Atpb. Pub.,cc2011. a256 p. :bill. ;c26 cm. aIncludes bibliographical references. aGE aBiology.